[Event "Adelboden op 8th"]
[Site "Adelboden"]
[Date "2022.12.10"]
[Round "3"]
[White "Bonferroni, Carlo"]
[Black "Gebert, Johannes"]
[Result "1-0"]
[WhiteElo "1624"]
[BlackElo "1616"]
[PlyCount "43"]
[EventDate "2022.12.09"]
[EventType "swiss"]
[EventRounds "5"]
[EventCountry "SUI"]
[SourceTitle "CBM 211 Extra"]
[Source "ChessBase"]
[SourceDate "2023.01.31"]
[SourceVersion "1"]
[SourceVersionDate "2023.01.31"]
[SourceQuality "1"]

1. d4 e6 2. Nf3 Nf6 3. Bg5 d5 4. e3 Be7 5. Bd3 0-0 6. Nbd2 c5 7. c3 b6 8. Ne5 h6 9. Bh4 cxd4 10. cxd4 Nbd7 11. f4 Nxe5 12. fxe5 Ne8 13. Bxe7 Qxe7 14. 0-0 f6 15. exf6 Rxf6 16. Nf3 Nd6 17. Ne5 Nf7 18. Qg4 Rxf1+ 19. Rxf1 Qg5 20. Qf3 Qf6 21. Nxf7 Kxf7 22. Qh5+ 1-0